İSYAN AHLAKI (Kayıt no. 718095)

MARC ayrıntıları
000 -LEADER
sabit uzunluktaki kontrol alanı 00239nam a2200097Ia 4500
001 - KONTROL NUMARASI
kontrol alanı 718095
005 - EN SON İŞLEMİN TARİH VE ZAMANI
kontrol alanı 20250826163016.0
008 - SABİT-UZUNLUKTA VERİ ÖĞELERİ--GENEL BİLGİ
sabit uzunluktaki kontrol alanı 250824s9999 xx 000 0 und d
245 #0 - ESER / YAZAR
ESER ADI İSYAN AHLAKI
Yazar Adı NURETTİN TOPÇU
260 ## - YAYIN, DAĞITIM, VB.
YAYIN EVİ DERGAH YAYINLARI
Mevcut
Düşüm durumu Kayıp durumu Hasar Durumu Ödünç verilmez Ana kütüphane Geçerli Kütüphane Edinilen tarih Toplam ödünç verme sayısı Barkod Son görüntüleme tarihi Fiyatın geçerli olmaya başladığı tarih Koha materyal türü
        KONEVİ ANADOLU LİSESİ KONEVİ ANADOLU LİSESİ 24.08.2025   1032490 26.08.2025 26.08.2025 Kitaplar
Gemini Bilgi Teknolojileri A.Ş. tarafından düzenlenmiştir.